000 00375nam a2200145 a 4500
001 000040319
005 20201002034044.0
008 130821s1966 ag 000 0 spa d
040 _aDO-SdBNP
_bspa
_cBNPHU
100 1 _aCortázar, Julio
_922782
245 1 0 _aBestiario /.
250 _a5a. ed.
260 _aBuenos Aires :
_bSudamericana,
_c1966.
300 _a165 p. ;
_c19 cm.
999 _c39809
_d39809